000 00326nam a2200133Ia 4500
005 20251222155200.0
008 251222s9999||||xx |||||||||||||| ||spa||
082 _aSIQ.31
100 _aAsociación psiquiátrica .
245 0 _aRevista Psiquiatrica peruana
250 _a2da. ed.
264 _bJanssen - cilag
942 _cLIB
999 _c39912
_d39912